| 000 | 00386nmm a2200145 a 4500 | ||
|---|---|---|---|
| 003 | AR-BaBNM | ||
| 005 | 20251128203116.0 | ||
| 008 | 293119s1888 ||||||||||||||000 | spa|| | ||
| 040 | _cAR-BaBNM | ||
| 100 | 1 | _aGonzález, Leandro M. | |
| 245 | 1 | 0 | _aEl auxiliar de escribano de registro de contratos civiles y testamentos |
| 260 |
_a[S.l.] _bDe Mayo _c1888 |
||
| 942 | _cBK | ||
| 998 | _cCasco | ||
| 999 |
_c1932 _d1932 |
||